00922nam a22002897a 45000010005000000030009000050050017000140070005000310080030000360200018000660400022000840410006001060820026001121000035001382450153001732460018003262600033003443000028003774900025004055040006004305340064004366500029005006500032005297000031005617000031005928300009006230075DO-SdBNP20231030121546.00075151103b2010 sp 00| 0 spa d a9788466785365 aBPMSUbspacBPMSU17h  4a823.6bS545f 20102221 a Shelley, Mary W. d1797-185110aFrankenstein o el verdadero Prometeo /cMary Wollstonegraft Shelley ; adaptación de Emilio Fontanilla Debesa ; ilustraciones de Luis Miguel Ybartz14aFrankenstein  aMadrid :bGrupo Anaya,c2010 a167 p. :bil.,;c24 cm.0 aClásicos a medida  a  aTìtulo original :tFrankenstein or, The modern prometheus 4a Novela juvenil inglesa  4aNovela de ciencia ficción1 aYbartz, Luis Miguel eil. 1 aFontanilla Debesa, Emilio 00a n